Spectal studies of the photographic process (Record no. 35995)

MARC details
000 -LEADER
fixed length control field 00311nam a2200121Ia 4500
082 ## - DEWEY DECIMAL CLASSIFICATION NUMBER
Classification number 077.02
Item number GOR
100 ## - MAIN ENTRY--AUTHOR NAME
Personal name Gorokhovski, Yu N
245 #0 - TITLE STATEMENT
Title Spectal studies of the photographic process
260 ## - PUBLICATION, DISTRIBUTION, ETC. (IMPRINT)
Place of publication London
Name of publisher Focal
Year of publication 1960
505 ## - FORMATTED CONTENTS NOTE
Formatted contents note Set price
942 ## - ADDED ENTRY ELEMENTS (KOHA)
Koha item type Books
Holdings
Withdrawn status Lost status Damaged status Not for loan Home library Current library Date acquired Cost, normal purchase price Full call number Accession Number Koha item type
        RRII Library RRII Library 16/12/2021 1600.00 077.02 GOR 16412 Books